000 00757nam a22002177a 4500
003 OSt
005 20250822141202.0
008 250821b |||||||| |||| 00| 0 eng d
040 _aFEDL
_beng
_cFEDL
041 _aeng
_heng
082 _a375 KAL/TH
100 _aKalia Anchal
_9782016
110 _aUniversity of Delhi. Department of Education
_9818316
245 _aPower and ideology: Context, contestations and challenges in history curriculum/
_cby Anchal Kalia; Ranjan, Ashish. Supervisor
260 _bUniversity of Delhi
_c2025
300 _a126p.
650 _a CURRICULUM-POLITICAL IDEOLOGY
_9818382
700 _aRanjan, Ashish. Supervisor
_9782016
942 _2ddc
_cTH
_h375 KAL/TH
_n0
999 _c1434827
_d1434827